|
|
|
|
| LEADER |
00000nab a2200000 ar4500 |
| 001 |
vtls010060389 |
| 003 |
SK-MaSNL |
| 005 |
20260304173430.0 |
| 008 |
100203c2010 xo wr|p|||||||000 b|slo |
| 038 |
|
|
|a PPPK
|
| 040 |
|
|
|a PPPKCL
|b slo
|c PPPKCL
|e AACR2
|
| 041 |
0 |
|
|a slo
|
| 044 |
|
|
|a xo
|c SK
|
| 080 |
|
|
|a 796.92
|2 2001
|
| 080 |
|
|
|a 796.922.093
|2 2001
|
| 245 |
0 |
0 |
|a FIS preteky v Gerlachove
|c [text a foto] (red)
|
| 300 |
|
|
|b Fotogr.
|
| 611 |
2 |
7 |
|a Memoriál 24 padlých hrdinov SNP
|n (52. :
|d 2010 :
|c Štrbské Pleso, Slovensko)
|2 pppkcl
|9 1503751
|
| 648 |
|
7 |
|a 9.1.-10.1.2010
|2 pppkcl
|9 1503875
|
| 650 |
0 |
7 |
|a lyžovanie
|2 pppkcl
|9 3256
|
| 650 |
0 |
7 |
|a beh na lyžiach
|2 pppkcl
|9 3259
|
| 651 |
|
7 |
|a Gerlachov (Poprad, Slovensko)
|2 pppkcl
|9 29307
|
| 651 |
|
7 |
|a Poprad (Slovensko : okres)
|2 pppkcl
|9 28675
|
| 773 |
0 |
|
|t Podtatranské noviny
|g Roč. LI, č. 1-2 (2010), s. 7
|
| 852 |
|
|
|a PPPK
|b KIS3GCP
|
| 999 |
|
|
|c 3003255
|d 3005185
|